[Event "Scarborough CC Howard Ridout"]
[Site "Toronto CAN"]
[Date "2018.10.18"]
[Round "6.6"]
[White "Gao, Raymond"]
[Black "Xie, Austin"]
[Result "1-0"]
[WhiteElo "1928"]
[BlackElo "1703"]
[PlyCount "51"]
[EventDate "2018.09.13"]
[EventType "swiss"]
[EventRounds "7"]
[EventCountry "CAN"]

1. e4 b6 2. g3 Bb7 3. Bg2 Nf6 4. Nc3 e6 5. Nge2 Na6 6. O-O d5 7. e5 Nd7 8. f4
c5 9. f5 Nxe5 10. fxe6 fxe6 11. Nf4 Qd7 12. Re1 Bd6 13. Rxe5 Bxe5 14. Qh5+ Kd8
15. Qxe5 Nc7 16. d3 Bc6 17. Bh3 Re8 18. Nh5 Rg8 19. Bg5+ Kc8 20. Re1 d4 21. Ne4
Bd5 22. Nf4 h6 23. Bxh6 gxh6 24. Nf6 Qf7 25. Nxg8 Qxg8 26. Nxd5 1-0

[Event "Scarborough CC Howard Ridout"]
[Site "Toronto CAN"]
[Date "2018.10.25"]
[Round "7.1"]
[White "Huang, Youhe"]
[Black "Southam, David"]
[Result "1-0"]
[WhiteElo "1869"]
[BlackElo "2083"]
[PlyCount "63"]
[EventDate "2018.09.13"]
[EventType "swiss"]
[EventRounds "7"]
[EventCountry "CAN"]

1. d4 e6 2. Nf3 f5 3. g4 fxg4 4. Ne5 Qh4 5. Bf4 d6 6. Bg3 Qh5 7. Nd3 Nc6 8. Nf4
Qf7 9. e3 Nh6 10. Bg2 d5 11. c4 dxc4 12. Qa4 Bd7 13. Qxc4 Bd6 14. d5 exd5 15.
Nxd5 Bxg3 16. hxg3 O-O 17. Qe2 Rac8 18. Nbc3 Ne5 19. Nf4 Bc6 20. e4 Rcd8 21.
Ncd5 Bxd5 22. exd5 Qf5 23. Rh5 g5 24. Ne6 Nf3+ 25. Bxf3 gxf3 26. Qe3 Ng4 27.
Rxg5+ Kh8 28. Rxf5 Nxe3 29. Rxf8+ Rxf8 30. fxe3 Rf5 31. Nxc7 Re5 32. Kf2 1-0

[Event "Scarborough CC Howard Ridout"]
[Site "Toronto CAN"]
[Date "2018.10.25"]
[Round "7.2"]
[White "Zhao, Jeffrey R"]
[Black "Noor Ali, Aahil"]
[Result "0-1"]
[WhiteElo "1905"]
[BlackElo "2023"]
[PlyCount "64"]
[EventDate "2018.09.13"]
[EventType "swiss"]
[EventRounds "7"]
[EventCountry "CAN"]

1. e4 e5 2. Nf3 Nc6 3. Bc4 Bc5 4. O-O d6 5. c3 Bb6 6. d3 Nf6 7. Re1 h6 8. b4 g5
9. a4 a6 10. a5 Ba7 11. b5 axb5 12. Bxb5 Bd7 13. d4 g4 14. Nh4 exd4 15. e5 Nxe5
16. cxd4 Bxb5 17. dxe5 Kf8 18. Nc3 Bc6 19. Ba3 Nd5 20. Nxd5 Qxh4 21. g3 Bxf2+
22. Kxf2 Qxh2+ 23. Ke3 Qxg3+ 24. Kd4 Bxd5 25. Kxd5 Rxa5+ 26. Kc4 Rxa3 27. Rxa3
Qxa3 28. exd6 cxd6 29. Qb1 Qc5+ 30. Kd3 Qf5+ 31. Re4 d5 32. Qb4+ Kg8 0-1

[Event "Scarborough CC Howard Ridout"]
[Site "Toronto CAN"]
[Date "2018.10.25"]
[Round "7.3"]
[White "Mao, Fengxi"]
[Black "Ning, Eric"]
[Result "0-1"]
[WhiteElo "1842"]
[BlackElo "1942"]
[PlyCount "60"]
[EventDate "2018.09.13"]
[EventType "swiss"]
[EventRounds "7"]
[EventCountry "CAN"]

1. e4 c5 2. Nf3 Nc6 3. Nc3 g6 4. d4 cxd4 5. Nxd4 Bg7 6. Nb3 Nf6 7. Be2 d6 8.
O-O O-O 9. Re1 a6 10. Bf1 b5 11. Nd5 Nxd5 12. exd5 Ne5 13. Bd2 Nc4 14. Bxc4
bxc4 15. Na5 Qc7 16. Nc6 e6 17. Ba5 Qb7 18. Rb1 Qb5 19. b3 Kh8 20. a4 Qxd5 21.
Qxd5 exd5 22. bxc4 dxc4 23. Re7 Be6 24. Bc7 d5 25. Rb6 Bf6 26. Be5 Bxe5 27.
Nxe5 Rab8 28. a5 Rbe8 29. Rbxe6 fxe6 30. Nf7+ Kg7 0-1

[Event "Scarborough CC Howard Ridout"]
[Site "Toronto CAN"]
[Date "2018.10.25"]
[Round "7.4"]
[White "Hay, Jonathan"]
[Black "Palacios, Bobby"]
[Result "0-1"]
[WhiteElo "2054"]
[BlackElo "2065"]
[PlyCount "80"]
[EventDate "2018.09.13"]
[EventType "swiss"]
[EventRounds "7"]
[EventCountry "CAN"]

1. d4 Nf6 2. Bf4 d6 3. Nc3 g6 4. e4 Bg7 5. Qd2 c6 6. O-O-O b5 7. Bd3 Nbd7 8.
Bh6 O-O 9. h4 Bxh6 10. Qxh6 b4 11. Nce2 Qa5 12. Kb1 Ba6 13. f3 Bxd3 14. Rxd3 c5
15. dxc5 Nxc5 16. Rd1 Na4 17. g4 Rab8 18. b3 Nc3+ 19. Nxc3 bxc3 20. Ne2 Rb6 21.
Qg5 Rb5 22. Qe3 Rc8 23. g5 Nd7 24. Rd3 Rbc5 25. f4 Nb6 26. Ka1 Qb4 27. Rd4 Qa3
28. Qc1 Qb2+ 29. Qxb2 cxb2+ 30. Kb1 Rxc2 31. Ng3 R8c3 32. Nf1 Rf2 33. Nd2 Rxf4
34. Kxb2 Re3 35. Kc2 d5 36. Rd3 Rxd3 37. Kxd3 dxe4+ 38. Nxe4 Nd5 39. Rh3 Rf1
40. Ke2 Ra1 0-1

[Event "Scarborough CC Howard Ridout"]
[Site "Toronto CAN"]
[Date "2018.10.25"]
[Round "7.5"]
[White "Wang, Thomas"]
[Black "Gao, Raymond"]
[Result "0-1"]
[WhiteElo "1811"]
[BlackElo "1928"]
[PlyCount "66"]
[EventDate "2018.09.13"]
[EventType "swiss"]
[EventRounds "7"]
[EventCountry "CAN"]

1. e4 c5 2. Nf3 d6 3. d4 Nf6 4. Nc3 cxd4 5. Nxd4 a6 6. Be2 e5 7. Nf3 Be7 8. O-O
h6 9. h3 b5 10. a3 Bb7 11. Qd3 Nbd7 12. Be3 Nb6 13. Nd2 d5 14. Bxb6 Qxb6 15.
Nxd5 Nxd5 16. exd5 Rd8 17. Bf3 O-O 18. Rfe1 Bd6 19. Be4 Bc8 20. Bf5 Bc5 21.
Rxe5 Bxf2+ 22. Kh1 Qf6 23. Bh7+ Kh8 24. Rh5 g6 25. Rxh6 Qg7 26. Rxg6 fxg6 27.
Bxg6 Bb7 28. Be4 Bd4 29. c3 Be5 30. Nf1 Qf7 31. Rd1 Bxd5 32. Nd2 Bxe4 33. Qxe4
Qf4 0-1

[Event "Scarborough CC Howard Ridout"]
[Site "Toronto CAN"]
[Date "2018.10.25"]
[Round "7.6"]
[White "Ajith, Aayush"]
[Black "Gorkhmaz, Verdiyev"]
[Result "1-0"]
[WhiteElo "1922"]
[BlackElo "1851"]
[PlyCount "77"]
[EventDate "2018.09.13"]
[EventType "swiss"]
[EventRounds "7"]
[EventCountry "CAN"]

1. d4 g6 2. c4 Bg7 3. Nc3 Nf6 4. Nf3 O-O 5. g3 d5 6. Bg2 dxc4 7. Ne5 c6 8. Nxc4
Be6 9. Ne5 Nbd7 10. Nxd7 Qxd7 11. e4 Rad8 12. Be3 Ng4 13. Ne2 Nxe3 14. fxe3 c5
15. d5 Bh3 16. Bxh3 Qxh3 17. Nf4 Qd7 18. Qe2 Qa4 19. O-O Qxe4 20. Rac1 b6 21.
Rc4 Qe5 22. b3 g5 23. Nh5 Rxd5 24. e4 Rd4 25. Rf5 Qd6 26. Rxd4 Bxd4+ 27. Kg2 f6
28. h4 h6 29. hxg5 fxg5 30. Qg4 Qg6 31. Nf4 Qc6 32. Nd5 Bf6 33. Rxf6 Qxf6 34.
Nxf6+ exf6 35. Qe6+ Kg7 36. Qe7+ Rf7 37. Qd6 Kg8 38. Kf3 Kg7 39. Kg4 1-0

[Event "Scarborough CC Howard Ridout"]
[Site "Toronto CAN"]
[Date "2018.10.25"]
[Round "7.7"]
[White "Xie, Austin"]
[Black "Tavana, Joseph"]
[Result "0-1"]
[WhiteElo "1703"]
[BlackElo "1736"]
[PlyCount "106"]
[EventDate "2018.09.13"]
[EventType "swiss"]
[EventRounds "7"]
[EventCountry "CAN"]

1. e4 c5 2. Nc3 g6 3. d4 cxd4 4. Qxd4 Nf6 5. f4 Nc6 6. Qd1 Qa5 7. Bd2 Qb6 8. e5
Ng8 9. Nd5 Qd8 10. Bc4 Bg7 11. Nf3 e6 12. Nc3 d5 13. Bd3 a6 14. Rb1 Nge7 15.
O-O Nb4 16. Be2 O-O 17. Be3 b6 18. a3 Nbc6 19. g4 f6 20. exf6 Bxf6 21. Nd4 Nxd4
22. Bxd4 Nc6 23. Bf2 b5 24. Bc5 Be7 25. Bxe7 Qxe7 26. f5 gxf5 27. gxf5 d4 28.
f6 Rxf6 29. Rxf6 Qxf6 30. Ne4 Qg6+ 31. Ng3 e5 32. Bd3 Qg4 33. Be4 Qxd1+ 34.
Rxd1 Bd7 35. Nh5 Rf8 36. Rf1 Rxf1+ 37. Kxf1 Nb8 38. Nf6+ Kg7 39. Nxh7 Bc6 40.
Ng5 Bxe4 41. Nxe4 Kg6 42. Kg2 Nd7 43. Kf3 Kf5 44. h4 Nf8 45. Ng3+ Ke6 46. Kg4
a5 47. h5 b4 48. axb4 axb4 49. b3 Nh7 50. Ne4 Nf6+ 51. Nxf6 Kxf6 52. h6 e4 53.
Kf4 e3 0-1

[Event "Scarborough CC Jack Frost"]
[Site "Toronto CAN"]
[Date "2018.01.11"]
[Round "1.1"]
[White "Southam, David"]
[Black "Ning, Eric"]
[Result "1/2-1/2"]
[WhiteElo "2158"]
[BlackElo "1991"]
[PlyCount "60"]
[EventDate "2018.01.11"]
[EventType "swiss"]
[EventRounds "6"]
[EventCountry "CAN"]

1. d4 Nf6 2. c4 g6 3. Nc3 d5 4. cxd5 Nxd5 5. e4 Nxc3 6. bxc3 Bg7 7. Nf3 c5 8.
Be3 Nc6 9. Rc1 O-O 10. d5 Ne5 11. Nxe5 Bxe5 12. Bxc5 Qa5 13. Bb4 Qxa2 14. Bxe7
Re8 15. d6 Bd7 16. g3 Qa3 17. Be2 Bxc3+ 18. Kf1 Rac8 19. Kg2 Qb4 20. Qd3 Qd4
21. Rb1 Bc6 22. Qxd4 Bxd4 23. Bf3 b6 24. e5 Bd7 25. Rhe1 Rc5 26. Rbc1 Rec8 27.
Rxc5 Rxc5 28. Bf6 Rc2 29. Re2 Rxe2 30. Bxe2 a5 1/2-1/2

[Event "Scarborough CC Jack Frost"]
[Site "Toronto CAN"]
[Date "2018.01.11"]
[Round "1.2"]
[White "Hay, Jonathan"]
[Black "Lei, Sean"]
[Result "0-1"]
[WhiteElo "1944"]
[BlackElo "2126"]
[PlyCount "84"]
[EventDate "2018.01.11"]
[EventType "swiss"]
[EventRounds "6"]
[EventCountry "CAN"]

1. d4 Nf6 2. Bf4 d6 3. Nc3 Nbd7 4. Nf3 g6 5. e4 Bg7 6. Qd2 c5 7. Bh6 Bxh6 8.
Qxh6 a6 9. O-O-O cxd4 10. Nxd4 b5 11. f4 Qc7 12. Be2 Bb7 13. Bf3 O-O-O 14. Rhe1
Kb8 15. Qh4 Rhe8 16. Re2 e5 17. Nb3 b4 18. Nd5 Bxd5 19. exd5 e4 20. Bg4 Nxg4
21. Qxg4 f5 22. Qh4 Nc5 23. Nd4 Ka8 24. Qe1 a5 25. Kb1 Rb8 26. c3 Rec8 27. Nc6
Rb7 28. c4 Nd3 29. Qd2 Qb6 30. g3 Qc5 31. Qe3 Qxc4 32. Nxa5 Qxd5 33. Nxb7 Kxb7
34. Red2 b3 35. a3 Qc4 36. Rxd3 exd3 37. Rc1 Qe4 38. Qd2 Rc2 39. Qb4+ Qxb4 40.
axb4 d2 41. Rd1 Kb6 42. Rh1 Kb5 0-1

[Event "Scarborough CC Jack Frost"]
[Site "Toronto CAN"]
[Date "2018.01.11"]
[Round "1.3"]
[White "Ghazarian, Tigran"]
[Black "Sharpe, Sam"]
[Result "0-1"]
[WhiteElo "1823"]
[BlackElo "1901"]
[PlyCount "72"]
[EventDate "2018.01.11"]
[EventType "swiss"]
[EventRounds "6"]
[EventCountry "CAN"]

1. e4 e6 2. d4 d5 3. Nd2 c5 4. c3 Nc6 5. Ne2 Nf6 6. e5 Nd7 7. f4 Qb6 8. Nf3 f6
9. a3 c4 10. g4 h5 11. gxh5 Na5 12. Ng3 Nb3 13. Rb1 f5 14. Bg2 Nb8 15. O-O Nc6
16. Be3 Bd7 17. Qe2 O-O-O 18. Nh4 Be8 19. Kh1 Be7 20. Nf3 g6 21. hxg6 Bxg6 22.
Ng5 Bxg5 23. fxg5 f4 24. Bxf4 Bxb1 25. Rxb1 Rh4 26. Be3 Qc7 27. Rg1 Rdh8 28.
Nf1 Qh7 29. Bf3 Ne7 30. Bg4 Nf5 31. Bf4 Na5 32. Rg2 Nc6 33. Ne3 Nce7 34. g6
Nxg6 35. Bg5 Rxh2+ 36. Rxh2 Ng3+ 0-1

[Event "Scarborough CC Jack Frost"]
[Site "Toronto CAN"]
[Date "2018.01.11"]
[Round "1.4"]
[White "Uthayakumar, Ronan"]
[Black "Palacios, Bobby"]
[Result "0-1"]
[WhiteElo "1867"]
[BlackElo "2088"]
[PlyCount "82"]
[EventDate "2018.01.11"]
[EventType "swiss"]
[EventRounds "6"]
[EventCountry "CAN"]

1. e4 c5 2. Nf3 d6 3. d4 cxd4 4. Nxd4 Nf6 5. Nc3 Nc6 6. Be2 e5 7. Nb3 Be7 8.
O-O O-O 9. Re1 a5 10. a4 Nb4 11. Bf1 Be6 12. f3 Nxc2 13. Qxc2 Qb6+ 14. Nc5
Qxc5+ 15. Be3 Qc7 16. Rac1 Qd8 17. Red1 Rc8 18. Qf2 Nd7 19. Nb5 Rxc1 20. Rxc1
Bb3 21. Rc7 Bxa4 22. Rxb7 Nc5 23. Bxc5 dxc5 24. Bc4 Bg5 25. Bd5 Qf6 26. Nc3 Qa6
27. Bxf7+ Kh8 28. Nd5 Qd6 29. Qg3 Bh6 30. Re7 c4 31. Kh1 Qc5 32. Qxe5 Qf2 33.
h3 Bc6 34. Qd6 Bxd5 35. Re8 Rxe8 36. Bxe8 Be3 37. Qf8+ Bg8 38. Kh2 Qg1+ 39. Kg3
Bf2+ 40. Kf4 Qxg2 41. Ke5 Qg5+ 0-1

[Event "Scarborough CC Jack Frost"]
[Site "Toronto CAN"]
[Date "2018.01.18"]
[Round "2.1"]
[White "Apacios, Bobby"]
[Black "Sharpe, Sam"]
[Result "1/2-1/2"]
[WhiteElo "2088"]
[BlackElo "1901"]
[PlyCount "43"]
[EventDate "2018.01.11"]
[EventType "swiss"]
[EventRounds "6"]
[EventCountry "CAN"]

1. d4 d5 2. c4 e6 3. Nc3 c5 4. cxd5 exd5 5. Nf3 Nc6 6. g3 Nf6 7. Bg2 Be7 8. O-O
O-O 9. Bg5 c4 10. Ne5 Be6 11. Nxc6 bxc6 12. Qc2 h6 13. Bd2 Re8 14. b3 cxb3 15.
axb3 Bb4 16. Rfd1 Qd7 17. Nxd5 Nxd5 18. Bxd5 Qxd5 19. Bxb4 Qxb3 20. Qxb3 Bxb3
21. Rd2 Bc4 22. Re1 1/2-1/2

[Event "Scarborough CC Jack Frost"]
[Site "Toronto CAN"]
[Date "2018.01.18"]
[Round "2.2"]
[White "De Costa, Alex"]
[Black "Southam, David"]
[Result "0-1"]
[WhiteElo "1858"]
[BlackElo "2158"]
[PlyCount "86"]
[EventDate "2018.01.11"]
[EventType "swiss"]
[EventRounds "6"]
[EventCountry "CAN"]

1. e4 e6 2. d3 d5 3. Nd2 c5 4. g3 Bd6 5. Bg2 Ne7 6. Ngf3 Nbc6 7. O-O O-O 8. Nh4
Qc7 9. f4 f6 10. f5 dxe4 11. dxe4 Ne5 12. Ndf3 Bd7 13. Nxe5 Bxe5 14. c3 Rad8
15. Qc2 Bb5 16. Re1 Bd3 17. Qf2 exf5 18. Nxf5 b6 19. Be3 Bc4 20. Bf4 Ng6 21.
Bxe5 Nxe5 22. Red1 Rxd1+ 23. Rxd1 Bxa2 24. Qc2 Bf7 25. Rd6 Rd8 26. Rxd8+ Qxd8
27. Ne3 Qd3 28. Qc1 Be6 29. Nd5 Bxd5 30. exd5 Ng4 31. Qe1 Qe3+ 32. Qxe3 Nxe3
33. Be4 g6 34. h3 Kf7 35. Kf2 Nd1+ 36. Ke2 Nxb2 37. Kd2 Nc4+ 38. Kc2 Nd6 39.
Bf3 f5 40. Kb3 Kf6 41. h4 b5 42. Kc2 Ke5 43. Kd3 a5 0-1

[Event "Scarborough CC Jack Frost"]
[Site "Toronto CAN"]
[Date "2018.01.18"]
[Round "2.3"]
[White "Picana, Andrew"]
[Black "Lei, Sean"]
[Result "1/2-1/2"]
[WhiteElo "2122"]
[BlackElo "2126"]
[PlyCount "70"]
[EventDate "2018.01.11"]
[EventType "swiss"]
[EventRounds "6"]
[EventCountry "CAN"]

1. d4 Nf6 2. c4 c5 3. Nf3 cxd4 4. Nxd4 Nc6 5. Nc3 g6 6. e4 Bg7 7. Nxc6 dxc6 8.
Qxd8+ Kxd8 9. Bf4 Be6 10. O-O-O+ Kc8 11. Be2 Rd8 12. Kc2 b6 13. h3 Kb7 14. b3
Nd7 15. Bg5 Bxc3 16. Kxc3 f6 17. Be3 c5 18. Rd2 Ne5 19. Rhd1 Nc6 20. f4 Rxd2
21. Rxd2 Rd8 22. Rxd8 Nxd8 23. Bf3 Kc7 24. g4 Bd7 25. h4 Nf7 26. a3 Bc6 27. f5
gxf5 28. gxf5 Ne5 29. Bf4 Kd6 30. Kd2 e6 31. fxe6 Kxe6 32. Ke3 Nxf3 33. Kxf3 f5
34. Bb8 fxe4+ 35. Kf4 Kd7 1/2-1/2

[Event "Scarborough CC Jack Frost"]
[Site "Toronto CAN"]
[Date "2018.01.25"]
[Round "3.1"]
[White "Yie, Kevin"]
[Black "Southam, David"]
[Result "1/2-1/2"]
[WhiteElo "2097"]
[BlackElo "2158"]
[PlyCount "34"]
[EventDate "2018.01.11"]
[EventType "swiss"]
[EventRounds "6"]
[EventCountry "CAN"]

1. d4 g6 2. Nf3 Bg7 3. c4 d6 4. Nc3 Nf6 5. Bf4 a6 6. e3 Nbd7 7. Be2 O-O 8. O-O
e6 9. Rc1 Qe7 10. Re1 b6 11. b4 Bb7 12. Qb3 Nh5 13. Bg5 f6 14. Bh4 g5 15. Nd2
gxh4 16. Bxh5 f5 17. f4 Nf6 1/2-1/2

[Event "Scarborough CC Jack Frost"]
[Site "Toronto CAN"]
[Date "2018.01.25"]
[Round "3.3"]
[White "Ning, Eric"]
[Black "Hay, Jonathan"]
[Result "1-0"]
[WhiteElo "1991"]
[BlackElo "1944"]
[PlyCount "107"]
[EventDate "2018.01.11"]
[EventType "swiss"]
[EventRounds "6"]
[EventCountry "CAN"]

1. d4 c6 2. c4 Nf6 3. Nf3 d5 4. e3 a6 5. Nbd2 e6 6. Bd3 Nbd7 7. b3 b5 8. O-O
Be7 9. Bb2 O-O 10. Rc1 Bb7 11. Qe2 Qb6 12. Rc2 Rac8 13. Ne5 Nxe5 14. dxe5 Nd7
15. cxd5 cxd5 16. Bd4 Qa5 17. f4 Rxc2 18. Bxc2 g6 19. Nf3 Rc8 20. Bb1 Nc5 21.
g4 Ne4 22. Qg2 Nc3 23. f5 Nxb1 24. Rxb1 Qa3 25. Re1 Rc1 26. fxe6 fxe6 27. Qe2
Rxe1+ 28. Nxe1 Qc1 29. Kg2 Kg7 30. Nd3 Qc8 31. Nf4 Bg5 32. Nd3 Be7 33. Qf2 g5
34. Qd2 h6 35. Nf2 Ba3 36. Qa5 Be7 37. Qb6 Bd8 38. Qd6 Kf7 39. Bc5 d4+ 40. e4
Bc7 41. Qe7+ Kg6 42. Qf6+ Kh7 43. Qf7+ Kh8 44. Qf6+ Kh7 45. Bf8 Qd7 46. Qxh6+
Kg8 47. Bc5 Bd8 48. Qg6+ Kh8 49. Bd6 d3 50. Nxd3 Bc8 51. Nc5 Qg7 52. Qe8+ Qg8
53. Bf8 Bb6 54. Qxc8 1-0

[Event "Scarborough CC Jack Frost"]
[Site "Toronto CAN"]
[Date "2018.02.01"]
[Round "4.1"]
[White "Southam, David"]
[Black "Feng, Richard"]
[Result "1-0"]
[WhiteElo "2158"]
[BlackElo "1903"]
[PlyCount "110"]
[EventDate "2018.01.11"]
[EventType "swiss"]
[EventRounds "6"]
[EventCountry "CAN"]

1. d4 f5 2. Nc3 Nf6 3. Bg5 d5 4. Bxf6 exf6 5. e3 Be6 6. Bd3 c6 7. Qf3 Qd7 8.
Nge2 Bd6 9. Nf4 Bf7 10. Nh5 Bxh5 11. Qxh5+ g6 12. Qf3 Qe6 13. h3 Nd7 14. g4 f4
15. O-O-O fxe3 16. Rhe1 O-O-O 17. Rxe3 Qf7 18. a3 g5 19. Kb1 Bf4 20. Re2 h5 21.
Rde1 hxg4 22. hxg4 Rhe8 23. Bf5 Kb8 24. Qd3 Rxe2 25. Qxe2 Kc7 26. Rh1 Qe8 27.
Qf3 Kb8 28. Ne2 Bc7 29. Nc1 Nb6 30. Bd3 Qe6 31. Rh6 Bf4 32. Ne2 Nc4 33. Nxf4
Qe1+ 34. Ka2 Nd2 35. Qh1 Qxh1 36. Rxh1 gxf4 37. Rh6 Rf8 38. Rh3 Rg8 39. Bf5 Ne4
40. Rf3 Ng5 41. Rxf4 Kc7 42. Bd3 Rf8 43. Rf5 Kd6 44. c3 Ke6 45. f4 Nh3 46. Rh5
Nxf4 47. Bf5+ Ke7 48. Rh7+ Rf7 49. Rh1 Kd6 50. Rh6 Ke7 51. Rh8 Ne6 52. Ra8 a6
53. Rh8 Kd6 54. Rh1 Ng5 55. Rh6 Ke7 1-0

[Event "Scarborough CC Jack Frost"]
[Site "Toronto CAN"]
[Date "2018.02.01"]
[Round "4.2"]
[White "Manalo, Pepin"]
[Black "Yie, Kevin"]
[Result "0-1"]
[WhiteElo "1884"]
[BlackElo "2097"]
[PlyCount "116"]
[EventDate "2018.01.11"]
[EventType "swiss"]
[EventRounds "6"]
[EventCountry "CAN"]

1. d4 d5 2. Nf3 Nf6 3. e3 c5 4. b3 Bf5 5. Bb2 e6 6. Bd3 Bg6 7. O-O Nbd7 8. Nc3
Bd6 9. Nb5 Bb8 10. Ne5 a6 11. Na3 cxd4 12. exd4 Nxe5 13. dxe5 Ne4 14. c4 O-O
15. Rc1 Qg5 16. f4 Ba7+ 17. c5 Qh6 18. Bd4 Rac8 19. Bxe4 Bxe4 20. Qd2 Qg6 21.
Rc3 Qf5 22. b4 Bb8 23. Nc2 Bxc2 24. Rxc2 f6 25. Rf3 fxe5 26. fxe5 Qe4 27. Re3
Qf4 28. Qd3 Qh4 29. Rce2 Rf4 30. Bc3 Rcf8 31. Rf3 Rxf3 32. gxf3 Qh3 33. Rf2 Rf5
34. Qe2 Bc7 35. Bd4 Bd8 36. Qf1 Qh5 37. f4 Qg4+ 38. Kh1 Bh4 39. Rf3 g6 40. Qg2
Qh5 41. h3 Be7 42. Qg4 Qh6 43. a4 Qf8 44. Kg2 Qe8 45. Ra3 Bf8 46. Be3 Qc6 47.
Kg3 Kf7 48. Qh4 h5 49. Qd8 Be7 50. Qa5 d4 51. Bxd4 h4+ 52. Kh2 Rxf4 53. Rd3 Qe4
54. Rd2 Qf3 55. Bf2 Qc3 56. Re2 Rf3 57. c6 Rxh3+ 58. Kg2 Qf3+ 0-1

[Event "Scarborough CC Jack Frost"]
[Site "Toronto CAN"]
[Date "2018.02.01"]
[Round "4.4"]
[White "Uthayakumar, Ronan"]
[Black "Issani, Nameer"]
[Result "0-1"]
[WhiteElo "1867"]
[BlackElo "2073"]
[PlyCount "70"]
[EventDate "2018.01.11"]
[EventType "swiss"]
[EventRounds "6"]
[EventCountry "CAN"]

1. e4 e5 2. Nf3 Nc6 3. Bb5 a6 4. Ba4 Nf6 5. O-O b5 6. Bb3 d6 7. Re1 Be7 8. c3
O-O 9. h3 Na5 10. Bc2 c5 11. d3 Nc6 12. Nbd2 Re8 13. Nf1 Bf8 14. Ng3 g6 15. a4
b4 16. d4 bxc3 17. bxc3 cxd4 18. cxd4 exd4 19. Nxd4 Nxd4 20. Qxd4 Bg7 21. Bg5
h6 22. Bxf6 Bxf6 23. Qd5 Be6 24. Qd2 Bxa1 25. Rxa1 Qg5 26. Qxd6 Rad8 27. Qxa6
Qd2 28. Qe2 Qxe2 29. Nxe2 Rd2 30. Bd1 Red8 31. Nc3 R8d3 32. a5 Rxc3 33. a6 Rc8
34. Bf3 Ra8 35. a7 Rd7 0-1

[Event "Scarborough CC Jack Frost"]
[Site "Toronto CAN"]
[Date "2018.02.08"]
[Round "5.1"]
[White "Southam, David"]
[Black "Noor Ali, Aahil"]
[Result "1-0"]
[WhiteElo "2158"]
[BlackElo "2028"]
[PlyCount "135"]
[EventDate "2018.01.11"]
[EventType "swiss"]
[EventRounds "6"]
[EventCountry "CAN"]

1. d4 Nf6 2. c4 e6 3. Nc3 d5 4. cxd5 exd5 5. Bg5 Nbd7 6. e3 Be7 7. Bd3 b6 8.
Nge2 O-O 9. O-O Bb7 10. Rc1 c6 11. h3 Re8 12. a3 Nf8 13. Bf4 Ne6 14. Bg3 Bd6
15. Bh4 h6 16. f3 c5 17. Bb5 Rf8 18. Qd2 a6 19. Bd3 cxd4 20. exd4 g5 21. Bf2
Nf4 22. Nxf4 Bxf4 23. Be3 Bxe3+ 24. Qxe3 Re8 25. Qd2 Nh5 26. Rfe1 Qd6 27. Bf1
Qd7 28. Rxe8+ Rxe8 29. Re1 b5 30. Re3 f5 31. Qe1 Rxe3 32. Qxe3 Kf7 33. Qe5 Qe6
34. Qxe6+ Kxe6 35. Kf2 f4 36. Bd3 Ng7 37. Bh7 Nf5 38. Bxf5+ Kxf5 39. Na2 h5 40.
Nb4 a5 41. Nd3 Bc8 42. Nc5 Be6 43. Nb7 g4 44. hxg4+ hxg4 45. Nd6+ Kg5 46. Nxb5
g3+ 47. Ke1 Bd7 48. Nc3 Bc6 49. b4 axb4 50. axb4 Kf6 51. b5 Bb7 52. Na4 Ke7 53.
Nc5 Bc8 54. b6 Kd6 55. b7 Bxb7 56. Nxb7+ Kc6 57. Nc5 Kb5 58. Nd3 Kc4 59. Kd2
Kxd4 60. Nxf4 Ke5 61. Ne2 Kf5 62. Nxg3+ Kg5 63. Ne2 Kh4 64. Ke3 Kh5 65. Kd4 Kh4
66. Kxd5 Kg5 67. Ke6 Kh4 68. f4 1-0

[Event "Scarborough CC Jack Frost"]
[Site "Toronto CAN"]
[Date "2018.02.08"]
[Round "5.2"]
[White "Yie, Kevin"]
[Black "Issani, Nameer"]
[Result "1-0"]
[WhiteElo "2097"]
[BlackElo "2073"]
[PlyCount "59"]
[EventDate "2018.01.11"]
[EventType "swiss"]
[EventRounds "6"]
[EventCountry "CAN"]

1. d4 Nf6 2. Nf3 e6 3. Bf4 d5 4. e3 Nbd7 5. Nbd2 c5 6. c3 Be7 7. h3 O-O 8. Bd3
b6 9. O-O Bb7 10. Ne5 c4 11. Bc2 b5 12. e4 Nxe4 13. Bxe4 dxe4 14. Qe2 Nxe5 15.
dxe5 Qd3 16. Rfe1 f5 17. exf6 Rxf6 18. Bg3 Bc5 19. Nxe4 Bxe4 20. Qxe4 Raf8 21.
Qxd3 cxd3 22. Rf1 Rg6 23. Kh2 Rg5 24. Rad1 Rd5 25. a3 e5 26. f3 Be3 27. Rfe1
Bh6 28. Re4 Rf5 29. Bf2 a6 30. Be3 1-0

[Event "Scarborough CC Jack Frost"]
[Site "Toronto CAN"]
[Date "2018.02.08"]
[Round "5.3"]
[White "Zheng, Kevin"]
[Black "Hay, Jonathan"]
[Result "0-1"]
[WhiteElo "2020"]
[BlackElo "1944"]
[PlyCount "68"]
[EventDate "2018.01.11"]
[EventType "swiss"]
[EventRounds "6"]
[EventCountry "CAN"]

1. d4 c6 2. c4 d5 3. e3 Nf6 4. Nf3 a6 5. b3 Bg4 6. Nbd2 e6 7. Be2 Be7 8. O-O
Nbd7 9. h3 Bh5 10. g4 Bg6 11. Ne5 Nxe5 12. dxe5 Ne4 13. Bb2 Nxd2 14. Qxd2 h5
15. Kg2 dxc4 16. Qxd8+ Rxd8 17. gxh5 Be4+ 18. Kh2 Rd2 19. Bg4 Rxb2 20. bxc4 Bd3
21. Rfd1 Bxc4 22. Rab1 Rxb1 23. Rxb1 b5 24. Rc1 Kd7 25. a4 Kc7 26. axb5 axb5
27. Ra1 Kb7 28. Bf3 Bd5 29. e4 Bc4 30. Rg1 Rg8 31. h6 g6 32. Rd1 Kc7 33. Ra1
Bc5 34. Bg4 Bd4 0-1

[Event "Scarborough CC Jack Frost"]
[Site "Toronto CAN"]
[Date "2018.02.08"]
[Round "5.4"]
[White "Feng, Richard"]
[Black "Manalo, Pepin"]
[Result "1-0"]
[WhiteElo "1903"]
[BlackElo "1884"]
[PlyCount "98"]
[EventDate "2018.01.11"]
[EventType "swiss"]
[EventRounds "6"]
[EventCountry "CAN"]

1. e4 e5 2. Nf3 Nc6 3. Bc4 Bc5 4. c3 Nf6 5. d3 h6 6. Bb3 d6 7. Nbd2 g5 8. Nf1
g4 9. Ng1 Qe7 10. Ne2 Bd7 11. Ne3 O-O-O 12. Ng3 Rdg8 13. Bd5 a5 14. a3 Bb6 15.
Nc4 Nxd5 16. exd5 Nb8 17. b4 a4 18. b5 Bxb5 19. Nxb6+ cxb6 20. Rb1 Qd7 21. Ne4
Rg6 22. c4 Ba6 23. Nc3 Qc7 24. Nxa4 Nd7 25. Be3 f5 26. Bxb6 Nxb6 27. Rxb6 Re8
28. O-O e4 29. g3 exd3 30. Qxd3 Re4 31. Qc3 Rxc4 32. Qh8+ Qd8 33. Rxa6 Qxh8 34.
Ra8+ Kc7 35. Rxh8 Rxa4 36. Rc1+ Kb6 37. Rhc8 Ra5 38. Kg2 Rf6 39. Rd1 f4 40.
gxf4 Rxf4 41. Rd8 Rxa3 42. Rxd6+ Kc5 43. Rxh6 Raf3 44. d6 Rxf2+ 45. Kg1 Re2 46.
d7 Rf8 47. d8=Q Rxd8 48. Rxd8 b5 49. Rc8+ Kd4 1-0

[Event "Scarborough CC Jack Frost"]
[Site "Toronto CAN"]
[Date "2018.02.15"]
[Round "6.1"]
[White "Lei, Sean"]
[Black "Southam, David"]
[Result "0-1"]
[WhiteElo "2125"]
[BlackElo "2158"]
[PlyCount "115"]
[EventDate "2018.01.11"]
[EventType "swiss"]
[EventRounds "6"]
[EventCountry "CAN"]

1. a3 g6 2. Nf3 Bg7 3. e4 c6 4. Be2 d5 5. d3 e5 6. Nbd2 Ne7 7. c3 h6 8. b4 Be6
9. Bb2 O-O 10. d4 Nd7 11. O-O dxe4 12. Nxe4 f5 13. Nc5 Nxc5 14. dxc5 e4 15. Nd4
Bf7 16. Qd2 Nd5 17. Bc4 Qg5 18. Qxg5 hxg5 19. Rfe1 Nf4 20. Bf1 Bxd4 21. cxd4
Bd5 22. Rad1 Rfe8 23. g3 Nd3 24. Bxd3 exd3 25. Re3 Rxe3 26. fxe3 Be4 27. Bc3
Kf7 28. Bd2 Ke6 29. Rc1 Kd5 30. Be1 Rh8 31. a4 g4 32. b5 a6 33. b6 Bf3 34. Bd2
Ke4 35. Rc4 Kd5 36. Rc3 Be2 37. Rc1 g5 38. a5 Rd8 39. Kf2 Rh8 40. Kg1 Bf3 41.
Rc3 Be4 42. Ra3 Rh7 43. Ra4 Bf3 44. Rb4 Bd1 45. Rb1 Bc2 46. Rf1 Rf7 47. Kg2 Ke4
48. Re1 Bb3 49. Kg1 Kf3 50. Bc1 Ke4 51. Bd2 Bd5 52. Bc3 Kf3 53. Bd2 Be4 54. Bc1
Rh7 55. Bd2 Bd5 56. Bc1 Re7 57. Rf1+ Ke2 58. Rxf5 0-1